[Event "Titled Tuesday intern op 02nd Apr Late"]
[Site "Chess.com INT"]
[Date "2024.04.02"]
[Round "3"]
[White "Martin Barcelo, Carles"]
[Black "Ho, In Hei Henry"]
[Result "0-1"]
[WhiteElo "2254"]
[BlackElo "1762"]
[PlyCount "144"]
[EventDate "2024.04.02"]
[EventType "swiss (blitz)"]
[EventRounds "11"]
[EventCountry "USA"]
[SourceTitle "CB15_2024"]
[SourceDate "2024.04.10"]
[SourceVersion "1"]
[SourceVersionDate "2024.04.10"]
[SourceQuality "1"]

1. e4 e6 2. d4 d5 3. exd5 exd5 4. h3 Nf6 5. Nf3 h6 6. Bd3 Bd6 7. 0-0 0-0 8. c4 c6 9. c5 Bc7 10. Nc3 Be6 11. Be3 Nbd7 12. b4 a6 13. a4 Qe7 14. Qc2 Rfe8 15. b5 axb5 16. axb5 Rec8 17. Nd2 Nf8 18. Nb3 Qd7 19. b6 Bd8 20. Bf4 Nh5 21. Be5 Bf6 22. Bxf6 Nxf6 23. Nd2 Bxh3 24. gxh3 Qxh3 25. Bf5 Ng4 26. Nf3 Qxf3 27. Bxc8 Rxc8 28. Qe2 Qh3 29. f3 Re8 30. Qg2 Qxg2+ 31. Kxg2 Ne3+ 32. Kf2 Nxf1 33. Kxf1 Re3 34. Ne2 Rxf3+ 35. Kg2 Re3 36. Kf2 Re7 37. Ra7 Ne6 38. Ke3 Nxc5+ 39. Kd2 Ne6 40. Kd3 h5 41. Nc3 g5 42. Na4 Nd8 43. Nc5 h4 44. Ra8 Re8 45. Nxb7 h3 46. Rxd8 Rxd8 47. Nxd8 h2 48. b7 h1Q 49. b8Q Qe4+ 50. Kc3 Qe3+ 51. Kc2 Qe2+ 52. Kc3 Qc4+ 53. Kb2 Qxd4+ 54. Kb3 Qc4+ 55. Ka3 Qc3+ 56. Ka2 c5 57. Ne6+ Kh7 58. Nxg5+ Kg7 59. Ne6+ fxe6 60. Qc7+ Kf6 61. Qd8+ Kf5 62. Qf8+ Qf6 63. Qg8 c4 64. Qg2 Qd4 65. Qf3+ Qf4 66. Qh5+ Ke4 67. Qg6+ Qf5 68. Qg2+ Kd4 69. Qg1+ Kc3 70. Qe1+ Kd4 71. Qd2+ Qd3 72. Qf4+ Kc3 0-1

[Event "Titled Tuesday intern op 27th Feb Late"]
[Site "Chess.com INT"]
[Date "2024.02.27"]
[Round "1"]
[White "Atanasov, Anthony"]
[Black "Martin Barcelo, Carles"]
[Result "1-0"]
[WhiteElo "2384"]
[BlackElo "2241"]
[PlyCount "175"]
[EventDate "2024.02.27"]
[EventType "swiss (blitz)"]
[EventRounds "11"]
[EventCountry "USA"]
[SourceTitle "CB10_2024"]
[SourceDate "2024.03.06"]
[SourceVersion "1"]
[SourceVersionDate "2024.03.06"]
[SourceQuality "1"]

1. d4 d5 2. Bf4 Nf6 3. e3 Bf5 4. c4 c6 5. Nc3 e6 6. Qb3 Qb6 7. c5 Qxb3 8. axb3 Nbd7 9. b4 Nh5 10. Bd6 Bxd6 11. cxd6 0-0 12. f3 Nhf6 13. g4 Bg6 14. g5 Ne8 15. e4 dxe4 16. fxe4 Nxd6 17. Bg2 e5 18. 0-0-0 Rfd8 19. h4 Bh5 20. Bf3 Bxf3 21. Nxf3 exd4 22. Rxd4 Nb5 23. Nxb5 cxb5 24. Rhd1 Rdc8+ 25. Kb1 Nb6 26. b3 Kf8 27. Ne5 Rc7 28. h5 Re8 29. Rd8 Rce7 30. Rxe8+ Rxe8 31. h6 gxh6 32. gxh6 Rxe5 33. Rd8+ Re8 34. Rd4 Ke7 35. e5 Rg8 36. Ka2 Rg6 37. Ka3 Rxh6 38. Rd2 Re6 39. Rh2 Rxe5 40. Rxh7 Ke6 41. Rh8 f5 42. Rb8 f4 43. Rxb7 f3 44. Rb8 f2 45. Re8+ Kd5 46. Rf8 a5 47. bxa5 Na8 48. Rxf2 Nc7 49. Rf7 Na6 50. Ra7 Re6 51. Rb7 Kc5 52. Rf7 Rd6 53. Rf8 Nb4 54. Rc8+ Rc6 55. Rb8 Ra6 56. Rc8+ Rc6 57. Rf8 Nc2+ 58. Kb2 Kb4 59. Rf4+ Kxa5 60. Re4 Nb4 61. Ka3 Nd3 62. Rd4 b4+ 63. Ka2 Nc5 64. Rd8 Kb5 65. Kb2 Rb6 66. Rc8 Rc6 67. Rh8 Na6 68. Rh5+ Rc5 69. Rh7 Nc7 70. Rh8 Nd5 71. Rb8+ Nb6 72. Rb7 Kc6 73. Rf7 Rc3 74. Rf8 Kb5 75. Rf5+ Rc5 76. Rf6 Nd5 77. Rf8 Ne3 78. Rb8+ Ka5 79. Ra8+ Kb6 80. Rb8+ Ka5 81. Ra8+ Kb5 82. Rb8+ Kc6 83. Rxb4 Rc2+ 84. Ka3 Kc5 85. Rb8 Nd5 86. Rc8+ Kb5 87. Rxc2 Nb4 88. Rh2 1-0

[Event "Titled Tuesday intern op 23rd Jan Late"]
[Site "Chess.com INT"]
[Date "2024.01.23"]
[Round "1"]
[White "Martin Barcelo, Carles"]
[Black "Skotheim, Andreas"]
[Result "0-1"]
[WhiteElo "2222"]
[BlackElo "2211"]
[PlyCount "102"]
[EventDate "2024.01.23"]
[EventType "swiss (blitz)"]
[EventRounds "11"]
[EventCountry "USA"]
[SourceTitle "CB05_2024"]
[SourceDate "2024.01.31"]
[SourceVersion "1"]
[SourceVersionDate "2024.01.31"]
[SourceQuality "1"]

1. e4 e5 2. Nf3 Nc6 3. Bc4 Bc5 4. Qe2 d6 5. c3 Nf6 6. h3 a6 7. 0-0 0-0 8. Rd1 Ba7 9. Bb3 Be6 10. d3 Bxb3 11. axb3 Re8 12. Na3 h6 13. Be3 Bxe3 14. Qxe3 d5 15. Qe2 Qd7 16. Nc2 Rad8 17. Ne3 d4 18. Nc4 b5 19. Na5 Nxa5 20. Rxa5 Qe6 21. b4 dxc3 22. bxc3 Rd6 23. Qc2 Red8 24. Rd2 Nh5 25. d4 exd4 26. Nxd4 Qg6 27. Qd3 Nf4 28. Qf3 Rf6 29. Nf5 Rxd2 30. Ne7+ Kh7 31. Nxg6 Ne2+ 32. Kf1 Rxf3 33. Nf8+ Kg8 34. gxf3 Kxf8 35. Rxa6 Nf4 36. Ke1 Re2+ 37. Kf1 Rc2 38. Ke1 Rxc3 39. Ra8+ Ke7 40. Rb8 c6 41. Kd2 Rc4 42. Ke3 g5 43. Rc8 Kd7 44. Rf8 Ke7 45. Rc8 Nxh3 46. e5 Nf4 47. Rh8 h5 48. Rg8 Ne6 49. Rc8 h4 50. Ke2 Kd7 51. Rg8 Rxb4 0-1

[Event "Barcelona Tancat"]
[Site "Barcelona"]
[Date "2024.01.06"]
[Round "9"]
[White "Munoz Pantoja, Miguel Angel"]
[Black "Martin Barcelo, Carles"]
[Result "1/2-1/2"]
[WhiteElo "2340"]
[BlackElo "2222"]
[PlyCount "21"]
[EventDate "2024.01.02"]
[EventType "tourn"]
[EventRounds "9"]
[EventCountry "ESP"]
[EventCategory "1"]
[SourceTitle "CB02_2024"]
[SourceDate "2024.01.10"]
[SourceVersion "1"]
[SourceVersionDate "2024.01.10"]
[SourceQuality "1"]

1. e4 c6 2. Nc3 d5 3. Nf3 dxe4 4. Nxe4 Nf6 5. Ng3 h5 6. h3 h4 7. Ne2 c5 8. Nc3 Nc6 9. Bb5 Bd7 10. 0-0 e6 11. d3 1/2-1/2

[Event "Barcelona Tancat"]
[Site "Barcelona"]
[Date "2024.01.02"]
[Round "2"]
[White "Alcala Gonzalez, Cesar"]
[Black "Martin Barcelo, Carles"]
[Result "1-0"]
[WhiteElo "2247"]
[BlackElo "2222"]
[PlyCount "105"]
[EventDate "2024.01.02"]
[EventType "tourn"]
[EventRounds "9"]
[EventCountry "ESP"]
[EventCategory "1"]
[SourceTitle "CB02_2024"]
[SourceDate "2024.01.10"]
[SourceVersion "1"]
[SourceVersionDate "2024.01.10"]
[SourceQuality "1"]

1. d4 Nf6 2. c4 d6 3. Nc3 e5 4. d5 Bf5 5. f3 e4 6. Qd4 c5 7. Qe3 h5 8. Qf4 Bg6 9. Nh3 Nbd7 10. Nf2 exf3 11. exf3 Ne5 12. Be2 Be7 13. 0-0 0-0 14. Bd2 Re8 15. h4 Qd7 16. Rfe1 Bf8 17. g4 Qd8 18. g5 Nfd7 19. Qg3 f5 20. gxf6 Nxf6 21. f4 Neg4 22. Nxg4 Nxg4 23. Bxg4 hxg4 24. Rxe8 Qxe8 25. Qxg4 Qf7 26. Re1 Bf5 27. Qg5 Bd3 28. b3 Re8 29. Qg3 Bf5 30. Nd1 Rxe1+ 31. Bxe1 Be7 32. Ne3 Bb1 33. Bc3 Qg6 34. Qxg6 Bxg6 35. f5 Bh7 36. Be1 Bf6 37. Bg3 Bd4 38. Kf2 Bxf5 39. Kf3 Bb1 40. a3 Bxe3 41. Kxe3 Ba2 42. Bxd6 Bxb3 43. Bxc5 Bxc4 44. Kd4 Bb5 45. Bxa7 Kf7 46. Kc5 Ba4 47. Kb6 Bb3 48. d6 Ke6 49. Kc7 Ba4 50. h5 Kf5 51. d7 Bxd7 52. Kxd7 Kg5 53. Kc7 1-0

[Event "Barcelona Tancat"]
[Site "Barcelona"]
[Date "2024.01.02"]
[Round "1"]
[White "Martin Barcelo, Carles"]
[Black "Sviridenko, Yaroslav"]
[Result "1/2-1/2"]
[WhiteElo "2222"]
[BlackElo "2014"]
[PlyCount "149"]
[EventDate "2024.01.02"]
[EventType "tourn"]
[EventRounds "9"]
[EventCountry "ESP"]
[EventCategory "1"]
[SourceTitle "CB02_2024"]
[SourceDate "2024.01.10"]
[SourceVersion "1"]
[SourceVersionDate "2024.01.10"]
[SourceQuality "1"]

1. e4 c6 2. d4 d5 3. exd5 cxd5 4. Bd3 Nc6 5. c3 Nf6 6. Bf4 Bg4 7. Qb3 Qd7 8. Nd2 e6 9. Ngf3 Bxf3 10. Nxf3 Bd6 11. Bxd6 Qxd6 12. 0-0 0-0 13. Rae1 Qc7 14. Qc2 Rab8 15. Qe2 a6 16. a4 Rfe8 17. h4 g6 18. g3 h5 19. Ng5 e5 20. dxe5 Nxe5 21. Qd1 Nxd3 22. Qxd3 Qc4 23. Qf3 Kg7 24. Rd1 Re7 25. Rd4 Qe2 26. Rb4 b5 27. Qf4 Rbe8 28. Qd4 bxa4 29. Rb6 Qe5 30. Qxe5 Rxe5 31. Rxa6 R8e7 32. Rxa4 Rb7 33. b4 Re2 34. Rd1 Rbe7 35. Ra5 Rc2 36. Rd3 Ng4 37. Nh3 Re1+ 38. Kg2 Ree2 39. b5 Ne5 40. Rd4 Rxc3 41. b6 Rb2 42. Raxd5 Nc4 43. b7 Ne3+ 44. Kh2 Nxd5 45. Rxd5 Rxb7 46. Kg2 Rb2 47. Rd6 Rcc2 48. Rd3 Rc6 49. Rf3 f6 50. Rf4 Rb5 51. Rd4 g5 52. hxg5 fxg5 53. Rd2 Rf6 54. Ng1 Rbf5 55. Nh3 Kg6 56. Rd8 g4 57. Nf4+ Rxf4 58. gxf4 Rxf4 59. Rg8+ Kf5 60. Rg7 Ra4 61. Rg8 Ra1 62. Rh8 Kg5 63. Rg8+ Kf4 64. Rf8+ Kg5 65. Rg8+ Kh6 66. Kg3 Ra3+ 67. Kg2 Ra5 68. Kg3 Kh7 69. Rb8 Rf5 70. Rb3 Kg6 71. f3 Kg5 72. fxg4 hxg4 73. Ra3 Rf3+ 74. Rxf3 gxf3 75. Kxf3 1/2-1/2

[Event "Titled Tuesday intern op 19th Dec Early"]
[Site "Chess.com INT"]
[Date "2023.12.19"]
[Round "1"]
[White "Fromm, Marius"]
[Black "Martin Barcelo, Carles"]
[Result "1-0"]
[WhiteElo "2437"]
[BlackElo "2229"]
[PlyCount "79"]
[EventDate "2023.12.19"]
[EventType "swiss (blitz)"]
[EventRounds "11"]
[EventCountry "USA"]
[SourceTitle "CB52_2023"]
[SourceDate "2023.12.27"]
[SourceVersion "1"]
[SourceVersionDate "2023.12.27"]
[SourceQuality "1"]

1. e4 e5 2. Nf3 Nf6 3. Nxe5 d6 4. Nf3 Nxe4 5. d4 Be7 6. Bd3 Nf6 7. 0-0 0-0 8. Re1 Bg4 9. c3 Nbd7 10. Nbd2 c6 11. Nf1 Bh5 12. Bf4 Re8 13. Ng3 Bg6 14. Nf5 Bxf5 15. Bxf5 Nf8 16. Qb3 Qb6 17. Re2 Qxb3 18. axb3 Nd5 19. Bg3 Ng6 20. Rae1 Kf8 21. Bxg6 hxg6 22. c4 Nc7 23. Rxe7 Rxe7 24. Bxd6 Rae8 25. Ng5 f6 26. Rxe7 Rxe7 27. Ne4 Kf7 28. Bxe7 Kxe7 29. Nd2 Ne6 30. Nf3 Kd6 31. Kf1 b5 32. g3 a5 33. Ke2 a4 34. bxa4 bxc4 35. Kd2 Kd5 36. Kc3 Ke4 37. Nd2+ Kd5 38. Nxc4 Nxd4 39. Ne3+ Kc5 40. b4+ 1-0

[Event "Titled Tuesday intern op 19th Dec Early"]
[Site "Chess.com INT"]
[Date "2023.12.19"]
[Round "2"]
[White "Martin Barcelo, Carles"]
[Black "Han, Yichen"]
[Result "0-1"]
[WhiteElo "2229"]
[BlackElo "2414"]
[PlyCount "64"]
[EventDate "2023.12.19"]
[EventType "swiss (blitz)"]
[EventRounds "11"]
[EventCountry "USA"]
[SourceTitle "CB52_2023"]
[SourceDate "2023.12.27"]
[SourceVersion "1"]
[SourceVersionDate "2023.12.27"]
[SourceQuality "1"]

1. d4 e6 2. Nf3 Nf6 3. e3 c5 4. Bd3 b6 5. 0-0 Bb7 6. b3 Be7 7. Bb2 0-0 8. Nbd2 d6 9. c4 Nbd7 10. Rc1 Re8 11. Qc2 Nf8 12. h3 Rc8 13. Qb1 Qc7 14. Rfd1 Qb8 15. Ne4 Qa8 16. Nfd2 Nxe4 17. Bxe4 Ng6 18. Bxb7 Qxb7 19. Qe4 d5 20. cxd5 exd5 21. Qg4 Bf6 22. Nf3 c4 23. bxc4 dxc4 24. Ne5 b5 25. Qf5 Qxg2+ 26. Kxg2 Nh4+ 27. Kh1 Nxf5 28. Ng4 Bh4 29. Rg1 h5 30. Ne5 Bxf2 31. Rg5 Nxe3 32. Rxh5 b4 0-1

[Event "Titled Tuesday intern op 19th Dec Early"]
[Site "Chess.com INT"]
[Date "2023.12.19"]
[Round "10"]
[White "Martin Barcelo, Carles"]
[Black "Mohammadi, Melika"]
[Result "1/2-1/2"]
[WhiteElo "2229"]
[BlackElo "2173"]
[PlyCount "88"]
[EventDate "2023.12.19"]
[EventType "swiss (blitz)"]
[EventRounds "11"]
[EventCountry "USA"]
[SourceTitle "CB52_2023"]
[SourceDate "2023.12.27"]
[SourceVersion "1"]
[SourceVersionDate "2023.12.27"]
[SourceQuality "1"]

1. e4 e5 2. Nf3 Nc6 3. Nc3 Nf6 4. h3 d5 5. exd5 Nxd5 6. Bb5 Nxc3 7. bxc3 Bd6 8. 0-0 0-0 9. Re1 Re8 10. d4 exd4 11. cxd4 Rxe1+ 12. Qxe1 Bf5 13. c3 Ne7 14. Bg5 h6 15. Be3 c6 16. Bc4 Nd5 17. Bxd5 cxd5 18. Ne5 Qc7 19. Nf3 Rc8 20. Bd2 Be4 21. Qe3 b5 22. Qe2 a6 23. a4 Qc4 24. Qd1 Rb8 25. axb5 axb5 26. Qe1 b4 27. cxb4 Bxb4 28. Rc1 Qb3 29. Bxb4 Qxb4 30. Rc8+ Kh7 31. Rxb8 Qxb8 32. Qe3 Qb1+ 33. Kh2 Qb6 34. Ne5 Qf6 35. Nf3 Qd6+ 36. Kg1 Qg6 37. Kh2 Qf5 38. Nd2 Bd3 39. Nf3 Be4 40. Nd2 Bd3 41. Kg1 Qg6 42. Nf3 Be4 43. Kh2 Qd6+ 44. Kg1 Qg6 1/2-1/2

[Event "Sant Boi de Llobregat op 4th"]
[Site "Sant Boi de Llobregat"]
[Date "2023.11.30"]
[Round "1"]
[White "Martin Barcelo, Carles"]
[Black "Zwirs, Nico"]
[Result "0-1"]
[WhiteElo "2242"]
[BlackElo "2468"]
[PlyCount "80"]
[EventDate "2023.11.30"]
[EventType "swiss"]
[EventRounds "9"]
[EventCountry "ESP"]
[SourceTitle "CB50_2023"]
[SourceDate "2023.12.13"]
[SourceVersion "1"]
[SourceVersionDate "2023.12.13"]
[SourceQuality "1"]

1. e4 c5 2. Nf3 d6 3. Bb5+ Nd7 4. Ba4 Ngf6 5. 0-0 e6 6. d4 cxd4 7. Qxd4 Be7 8. c4 0-0 9. Nc3 a6 10. Rd1 Qc7 11. Bxd7 Nxd7 12. Bg5 f6 13. Be3 Rf7 14. Rac1 Bf8 15. Qd2 Rb8 16. b4 b6 17. Na4 Bb7 18. Nd4 Bxe4 19. Nxe6 Qc6 20. Nc3 Bxg2 21. Nd5 Bh3 22. Nd4 Qc8 23. f4 f5 24. Nf3 h6 25. Bd4 Bg4 26. Qg2 Qb7 27. h3 Bh5 28. Ba1 b5 29. cxb5 Qxb5 30. Rc7 Re8 31. a4 Qe2 32. Re1 Qxg2+ 33. Kxg2 Bxf3+ 34. Kf2 Rxe1 35. Kxe1 Bxd5 36. b5 axb5 37. axb5 Nc5 38. Rc8 Re7+ 39. Kf1 Bc4+ 40. Kf2 Bxb5 0-1

[Event "Mediterranean-ch 13th"]
[Site "Platja d'Aro"]
[Date "2023.11.05"]
[Round "3"]
[White "Martin Barcelo, Carles"]
[Black "Menac Comas, Joan Ramon"]
[Result "0-1"]
[WhiteElo "2242"]
[BlackElo "2044"]
[PlyCount "124"]
[EventDate "2023.11.04"]
[EventType "swiss"]
[EventRounds "9"]
[EventCountry "ESP"]
[SourceTitle "CB46_2023"]
[SourceDate "2023.11.15"]
[SourceVersion "1"]
[SourceVersionDate "2023.11.15"]
[SourceQuality "1"]

1. e4 c5 2. Nf3 g6 3. c4 Bg7 4. d4 Nc6 5. dxc5 Qa5+ 6. Nc3 Bxc3+ 7. bxc3 Nf6 8. Rb1 Nxe4 9. Qc2 Qxc3+ 10. Qxc3 Nxc3 11. Rb3 Na4 12. Be3 b6 13. cxb6 axb6 14. Be2 Ba6 15. Bxb6 0-0 16. Be3 Rfc8 17. Nd2 Ne5 18. Rb4 Nc3 19. f4 Nxe2 20. fxe5 Nc1 21. 0-0 Nd3 22. Ra4 Nxe5 23. Rf4 d6 24. Rd4 Bb7 25. Rb4 Bc6 26. Rb2 Ra3 27. Bh6 f6 28. Nb1 Ra4 29. Nc3 Rxc4 30. Rxc4 Nxc4 31. Rb4 Ne5 32. Bd2 Nd3 33. Rb6 Nc5 34. Be3 Bd7 35. Nd5 Kf7 36. Bf4 Be6 37. Nb4 Ra8 38. Rc6 Ra4 39. Bd2 Ne4 40. Be1 Bxa2 41. Rc7 Nc5 42. Nc6 Re4 43. Bg3 Nd3 44. h3 Bd5 45. Na7 Re2 46. Bxd6 Rxg2+ 47. Kf1 Ke6 48. Ba3 Rf2+ 49. Kg1 Ra2 50. Rxe7+ Kf5 51. Nb5 Ra1+ 52. Kh2 Rh1+ 53. Kg3 Rg1+ 54. Kh4 Ne5 55. Nd4+ Ke4 56. Ne2 Rg2 57. Ng3+ Kf3 58. Nf1 Bf7 59. Rxf7 Nxf7 60. Be7 Nh6 61. Ne3 Kxe3 62. Bc5+ Kd3 0-1

[Event "Titled Tuesday intern op 29th Aug Early"]
[Site "Chess.com INT"]
[Date "2023.08.29"]
[Round "1"]
[White "Martin Barcelo, Carles"]
[Black "Tabatabaei, Mohammad Amin"]
[Result "0-1"]
[WhiteElo "2227"]
[BlackElo "2696"]
[PlyCount "68"]
[EventDate "2023.08.29"]
[EventType "swiss (blitz)"]
[EventRounds "11"]
[EventCountry "USA"]
[SourceTitle "EXT 2024"]
[Source "ChessBase"]
[SourceDate "2023.10.10"]
[SourceVersion "1"]
[SourceVersionDate "2023.10.10"]
[SourceQuality "1"]

1. e4 c6 2. d4 d5 3. exd5 cxd5 4. Nf3 Nf6 5. c3 Nc6 6. Ne5 a6 7. f4 Bf5 8. Nd2 e6 9. Ndf3 Ne4 10. Bd3 f6 11. Nxc6 bxc6 12. 0-0 Bd6 13. Qe2 0-0 14. c4 h6 15. Bd2 a5 16. Rac1 Qb8 17. Be3 Rd8 18. Nh4 Bh7 19. g3 a4 20. Qc2 Ra7 21. Nf3 Rb7 22. Rb1 Qa7 23. Nd2 f5 24. Nf3 Rdb8 25. Kh1 Rb4 26. Qe2 a3 27. Ne5 Rxb2 28. Rxb2 Rxb2 29. Qh5 Nf6 30. Qh4 Rxa2 31. cxd5 cxd5 32. Rc1 Qb7 33. Rb1 Rb2 34. Rc1 a2 0-1

[Event "Titled Tuesday intern op 15th Aug Late"]
[Site "Chess.com INT"]
[Date "2023.08.15"]
[Round "7"]
[White "Martin Barcelo, Carles"]
[Black "Leiva Rodriguez, Jeammarco Giuseppe"]
[Result "0-1"]
[WhiteElo "2227"]
[BlackElo "2380"]
[PlyCount "114"]
[EventDate "2023.08.15"]
[EventType "swiss (blitz)"]
[EventRounds "11"]
[EventCountry "USA"]
[SourceTitle "EXT 2024"]
[Source "ChessBase"]
[SourceDate "2023.10.10"]
[SourceVersion "1"]
[SourceVersionDate "2023.10.10"]
[SourceQuality "1"]

1. e4 c6 2. Nf3 d5 3. Nc3 dxe4 4. Nxe4 Nf6 5. Qe2 Na6 6. c3 Nxe4 7. Qxe4 Qd5 8. Qxd5 cxd5 9. d4 Nc7 10. Bd3 b6 11. Bf4 Ba6 12. Bc2 Ne6 13. Be5 f6 14. Bg3 Kf7 15. h4 g6 16. h5 Bh6 17. Nd2 Rac8 18. Bb3 Rcd8 19. 0-0-0 Nxd4 20. cxd4 Bd3 21. Rde1 e6 22. Kd1 Rc8 23. f4 g5 24. fxg5 Bxg5 25. Bh4 Rhg8 26. Bxg5 Rxg5 27. Re3 Bf5 28. g3 Bg4+ 29. Nf3 Rcg8 30. Kd2 Rxh5 31. Rxh5 Bxh5 32. Nh4 Rg5 33. Ke1 Ke7 34. Kf2 Kd6 35. Nf3 Rg8 36. Ne1 Be8 37. Nd3 Bd7 38. Nf4 a5 39. a3 b5 40. Bc2 h6 41. Re2 b4 42. axb4 axb4 43. Re1 Ra8 44. Bd3 Ra2 45. Re2 e5 46. Nh5 Bg4 47. Rd2 Bxh5 48. dxe5+ fxe5 49. Bc4 Ra5 50. b3 Bf7 51. Ke3 Be6 52. Be2 Ra3 53. Bd1 d4+ 54. Ke4 Bd5+ 55. Kf5 Be6+ 56. Kf6 Bxb3 57. Rd3 Bxd1 0-1

[Event "Titled Tuesday intern op 08th Aug Early"]
[Site "Chess.com INT"]
[Date "2023.08.08"]
[Round "9"]
[White "Jahnz, Fabian"]
[Black "Martin Barcelo, Carles"]
[Result "0-1"]
[WhiteElo "2268"]
[BlackElo "2227"]
[PlyCount "120"]
[EventDate "2023.08.08"]
[EventType "swiss (blitz)"]
[EventRounds "11"]
[EventCountry "USA"]
[SourceTitle "EXT 2024"]
[Source "ChessBase"]
[SourceDate "2023.10.10"]
[SourceVersion "1"]
[SourceVersionDate "2023.10.10"]
[SourceQuality "1"]

1. e4 Nc6 2. Nf3 e5 3. Bc4 Bc5 4. c3 Nf6 5. d3 h6 6. Nbd2 a5 7. h3 d6 8. Nf1 0-0 9. Ng3 Ba7 10. 0-0 Ne7 11. Nh4 d5 12. Bb3 Ng6 13. Nxg6 fxg6 14. exd5 Nxd5 15. Bxd5+ Qxd5 16. Qb3 Be6 17. Qxd5 Bxd5 18. Be3 Bxe3 19. fxe3 Rxf1+ 20. Rxf1 Bxa2 21. Ra1 Bb3 22. Ne4 b6 23. Nd2 Bc2 24. d4 exd4 25. exd4 Re8 26. Kf2 Kf7 27. Nc4 g5 28. Ne5+ Ke6 29. Re1 Kf6 30. Nd7+ Kf7 31. Ne5+ Kf8 32. Ng6+ Bxg6 33. Rf1 Ke7 34. Ke3 Kd6+ 35. Kd2 Ke7 36. b4 axb4 37. cxb4 Ra8 38. Re1+ Kf6 39. Kc3 Ra3+ 40. Kc4 c6 41. d5 cxd5+ 42. Kxd5 Rb3 43. Re6+ Kf7 44. Rxb6 Bd3 45. Kd4 Bf1 46. Rb7+ Kf6 47. Rb6+ Kf5 48. g4+ Kf4 49. Rb7 Bxh3 50. Rf7+ Kxg4 51. Kc4 Rb1 52. Rxg7 Bg2 53. b5 Bf1+ 54. Kd4 Rxb5 55. Ke3 Rf5 56. Rh7 h5 57. Rh6 h4 58. Rh7 Bg2 59. Rh6 h3 60. Rh7 Kg3 0-1

[Event "Titled Tuesday intern op 18th Jul Early"]
[Site "Chess.com INT"]
[Date "2023.07.18"]
[Round "11"]
[White "Martin Barcelo, Carles"]
[Black "Al Tarbosh, Ward"]
[Result "1-0"]
[WhiteElo "2221"]
[BlackElo "2254"]
[PlyCount "71"]
[EventDate "2023.07.18"]
[EventType "swiss (blitz)"]
[EventRounds "11"]
[EventCountry "USA"]
[SourceTitle "EXT 2024"]
[Source "ChessBase"]
[SourceDate "2023.10.10"]
[SourceVersion "1"]
[SourceVersionDate "2023.10.10"]
[SourceQuality "1"]

1. e4 c5 2. Nc3 Nc6 3. a3 e6 4. Nf3 g6 5. d4 cxd4 6. Nxd4 Bg7 7. Ndb5 Bxc3+ 8. Nxc3 Nge7 9. Bh6 b6 10. Qd6 Bb7 11. 0-0-0 Nc8 12. Qf4 d6 13. Bc4 Qc7 14. Qf6 Rg8 15. Bxe6 Qe7 16. Nd5 Qxf6 17. Nxf6+ Ke7 18. Nxg8+ Kxe6 19. Bg5 b5 20. h4 Nb6 21. Nh6 b4 22. axb4 Nxb4 23. Bf4 Rd8 24. Rd4 Nc6 25. Rd2 Nc4 26. Rd3 N6e5 27. Bxe5 Nxe5 28. Rd4 Rc8 29. Rhd1 Rc6 30. f4 Nc4 31. f5+ Ke5 32. Ng4+ Kf4 33. e5+ Kxf5 34. exd6 h5 35. Rxc4 Rxc4 36. Ne3+ 1-0